000 00384nam a22001217a 4500
999 _c9622
_d9622
003 OSt
008 201203b ||||| |||| 00| 0 eng d
245 _aClaro : Materials Science
250 _a2018(Jan-Mar Vol.2018, Apr-Jun Vol.2018, Jul-Sep Vol.2018, Oct-Dec Vol.2018)
260 _aAhmedabad, Gujarat
_bClaro Publication Pvt. Ltd.
650 _aMechanical Engineering
942 _2ddc
_cBV